[Event "GER-ch Net blitz qual2"]
[Site "Playchess.com INT"]
[Date "2020.03.16"]
[Round "8"]
[White "Lerch, Martin Erik"]
[Black "Gans, Torsten"]
[Result "0-1"]
[WhiteElo "1872"]
[BlackElo "1989"]
[PlyCount "96"]
[EventDate "2020.03.16"]
[EventType "swiss (blitz)"]
[EventRounds "9"]
[EventCountry "GER"]
[SourceTitle "CBM 195 Extra"]
[Source "ChessBase"]
[SourceDate "2020.05.31"]
[SourceVersion "1"]
[SourceVersionDate "2020.05.31"]
[SourceQuality "1"]

1. e4 e5 2. Nc3 Nf6 3. g3 d5 4. exd5 Nxd5 5. Bg2 c6 6. Nge2 Be6 7. 0-0 Be7 8. d3 0-0 9. f4 exf4 10. Nxf4 Nxf4 11. Bxf4 Nd7 12. Qd2 Nf6 13. Rae1 Bb4 14. Bg5 Be7 15. Qf4 h6 16. Bxf6 Bxf6 17. Qb4 Qb6+ 18. Qxb6 axb6 19. Ne4 Bxb2 20. Rb1 Bd4+ 21. Kh1 Rxa2 22. c3 Bc5 23. Nxc5 bxc5 24. Rxb7 Bd5 25. Bxd5 cxd5 26. Rd7 c4 27. Rxd5 cxd3 28. Rxd3 Rc8 29. Rc1 Re8 30. c4 Ree2 31. Rf3 Rxh2+ 32. Kg1 Rhg2+ 33. Kf1 Rh2 34. Kg1 Rag2+ 35. Kf1 Rc2 36. Rxc2 Rxc2 37. Rf4 Kf8 38. Ke1 Ke7 39. Kd1 Rg2 40. g4 f6 41. c5 Kd7 42. Rc4 Kc6 43. Ke1 Ra2 44. Kd1 Ra5 45. Re4 Rxc5 46. Re7 Rg5 47. Ke2 Rxg4 48. Kf3 Rg5 0-1

[Event "GER-ch Net blitz qual2"]
[Site "Playchess.com INT"]
[Date "2020.03.16"]
[Round "6"]
[White "Spitzl, Vinzent"]
[Black "Gans, Torsten"]
[Result "0-1"]
[WhiteElo "2344"]
[BlackElo "1989"]
[PlyCount "38"]
[EventDate "2020.03.16"]
[EventType "swiss (blitz)"]
[EventRounds "9"]
[EventCountry "GER"]
[SourceTitle "CBM 195 Extra"]
[Source "ChessBase"]
[SourceDate "2020.05.31"]
[SourceVersion "1"]
[SourceVersionDate "2020.05.31"]
[SourceQuality "1"]

1. e4 e5 2. Nf3 Nf6 3. Nxe5 d6 4. Nf3 Nxe4 5. Nc3 Nxc3 6. dxc3 Be7 7. Be3 Nd7 8. Qd2 Nf6 9. 0-0-0 0-0 10. h4 c5 11. Ng5 Qa5 12. Kb1 h6 13. Nf3 Be6 14. b3 Ne4 15. Qd3 Nxc3+ 16. Kb2 Bf6 17. Kc1 Nxa2+ 18. Kb1 Nc3+ 19. Kc1 Qa1+ 0-1

[Event "Daehne-Cup Hannover"]
[Site "Lehrte"]
[Date "2016.08.27"]
[Round "1"]
[White "Hachtmann, Christian"]
[Black "Gans, Torsten"]
[Result "1-0"]
[WhiteElo "2018"]
[BlackElo "1914"]
[PlyCount "59"]
[EventDate "2016.08.27"]
[EventType "k.o."]
[EventRounds "3"]
[EventCountry "GER"]
[SourceTitle "EXT 2020"]
[Source "ChessBase"]
[SourceDate "2019.10.17"]
[SourceVersion "1"]
[SourceVersionDate "2019.10.17"]
[SourceQuality "1"]

1. e4 e5 2. Nf3 Nf6 3. d4 Nxe4 4. Bd3 d5 5. Nxe5 Nd7 6. 0-0 Nxe5 7. dxe5 Nc5 8. Be3 Nxd3 9. Qxd3 c6 10. Nc3 g6 11. Ne2 Bf5 12. Qd2 c5 13. Bg5 Be7 14. Bxe7 Kxe7 15. Rfe1 Be6 16. Rad1 Qd7 17. Nc3 Rad8 18. Qg5+ Kf8 19. Nxd5 Bxd5 20. c4 Qe7 21. Qh6+ Kg8 22. Rxd5 Rxd5 23. cxd5 Qf8 24. Qe3 h6 25. e6 fxe6 26. Qxe6+ Qf7 27. Qd6 b6 28. Re7 Qf5 29. Qd8+ Qf8 30. Re8 1-0

[Event "Daehne Cup Region 15/16 II"]
[Site "Hannover"]
[Date "2015.11.11"]
[Round "2"]
[White "Lick, Helmut"]
[Black "Gans, Torsten"]
[Result "0-1"]
[WhiteElo "1464"]
[BlackElo "1886"]
[PlyCount "76"]
[EventDate "2015.11.04"]
[EventType "k.o."]
[EventRounds "4"]
[EventCountry "GER"]
[SourceTitle "EXT 2022"]
[Source "ChessBase"]
[SourceDate "2021.10.06"]
[SourceVersion "1"]
[SourceVersionDate "2021.10.06"]
[SourceQuality "1"]

1. e4 c5 2. Nf3 d6 3. d4 cxd4 4. Nxd4 Nf6 5. Nc3 g6 6. Be2 Bg7 7. 0-0 0-0 8. Be3 Nc6 9. f3 Bd7 10. Kh1 a6 11. Qd2 Rc8 12. Nd1 d5 13. Nxc6 Bxc6 14. e5 Nd7 15. f4 e6 16. Bd4 b5 17. c3 Re8 18. Nf2 f5 19. Qe3 Qc7 20. h4 Bf8 21. b4 Be7 22. g3 Rb8 23. Kh2 Kf7 24. Nh3 Nb6 25. h5 Nc4 26. Bxc4 dxc4 27. Bc5 Bd5 28. Bxe7 Qxe7 29. Ng5+ Kg7 30. Kg1 Rbd8 31. Rf2 Ba8 32. h6+ Kg8 33. Rd2 Rxd2 34. Qxd2 Rd8 35. Qe2 Qb7 36. Qh2 Rd3 37. Nxe6 Qf3 38. Rf1 Qg4 0-1

[Event "Daehne Cup Hannover"]
[Site "Lehrte"]
[Date "2015.08.29"]
[Round "1"]
[White "Essmann, Julian"]
[Black "Gans, Torsten"]
[Result "0-1"]
[WhiteElo "1980"]
[BlackElo "1873"]
[PlyCount "156"]
[EventDate "2015.08.29"]
[EventType "k.o."]
[EventRounds "3"]
[EventCountry "GER"]
[SourceTitle "EXT 2021"]
[Source "ChessBase"]
[SourceDate "2020.10.23"]
[SourceVersion "1"]
[SourceVersionDate "2020.10.23"]
[SourceQuality "1"]

1. d4 d5 2. Nf3 Nf6 3. Bf4 e6 4. e3 c5 5. c3 Bd6 6. Bxd6 Qxd6 7. Nbd2 Nc6 8. Bd3 0-0 9. 0-0 e5 10. dxe5 Nxe5 11. Nxe5 Qxe5 12. Qc2 c4 13. Be2 Bf5 14. Nf3 Qxh2+ 15. Kxh2 Bxc2 16. Nd4 Be4 17. Rfd1 a6 18. a4 h6 19. Kg1 Rfe8 20. Rd2 Rac8 21. Nf3 Kf8 22. Rd4 Rc5 23. Bd1 b5 24. Nd2 Bf5 25. axb5 axb5 26. Ra5 Rb8 27. Bf3 Be6 28. Nb1 Rc6 29. b4 cxb3 30. Rb4 Rcb6 31. Bd1 Rc8 32. Raxb5 Rxb5 33. Rxb5 Bf5 34. Nd2 Bc2 35. Bxc2 bxc2 36. Nb3 Rxc3 37. Nc1 Ke7 38. Kf1 Ke6 39. Ke2 Rc7 40. Ra5 h5 41. Ra1 g5 42. g3 Ne4 43. Nb3 g4 44. Rc1 Ke5 45. Nd4 Nc3+ 46. Ke1 Ne4 47. Rxc2 Rxc2 48. Nxc2 Ng5 49. Ke2 Ke4 50. Ne1 Ne6 51. Nd3 d4 52. Nb4 dxe3 53. fxe3 Ng7 54. Nd3 Nf5 55. Nf2+ Ke5 56. Nd3+ Kf6 57. Kf2 Nd6 58. Nf4 Ne4+ 59. Kg2 Kg5 60. Nd3 Nd2 61. Kf2 h4 62. gxh4+ Kxh4 63. Ne5 Kh3 64. Kg1 Nf3+ 65. Nxf3 gxf3 66. Kf2 Kg4 67. Ke1 Kf5 68. Kf1 Ke4 69. Kf2 f6 70. Kf1 Kxe3 71. Ke1 f5 72. Kf1 f2 73. Kg2 Ke2 74. Kg3 f1Q 75. Kh2 Qf3 76. Kg1 Qg4+ 77. Kh2 Kf2 78. Kh1 Qg2# 0-1

[Event "Hannover Region-ch"]
[Site "Hannover"]
[Date "2013.04.13"]
[Round "6"]
[White "Izrailev, Alexander"]
[Black "Gans, Torsten"]
[Result "1-0"]
[WhiteElo "2222"]
[BlackElo "1921"]
[PlyCount "67"]
[EventDate "2013.01.26"]
[EventType "swiss"]
[EventRounds "7"]
[EventCountry "GER"]
[SourceTitle "EXT 2021"]
[Source "ChessBase"]
[SourceDate "2020.10.23"]
[SourceVersion "1"]
[SourceVersionDate "2020.10.23"]
[SourceQuality "1"]

1. e4 e5 2. Bc4 Nf6 3. d3 Nc6 4. Nf3 Be7 5. Nbd2 d6 6. c3 0-0 7. 0-0 Na5 8. Bb5 a6 9. Ba4 b5 10. Bc2 c5 11. Re1 Bb7 12. d4 cxd4 13. cxd4 Qc7 14. Nf1 Rac8 15. Bd3 Nc6 16. d5 Nb4 17. Ne3 Rfe8 18. Bb1 a5 19. a3 Na6 20. Bd3 Qd7 21. Qe2 Nc7 22. Bd2 a4 23. Rac1 Ba6 24. Nc2 Ra8 25. Ba5 Reb8 26. Nb4 Bd8 27. Nc6 Rb7 28. Nxd8 Rxd8 29. Rc6 Ra8 30. Bxc7 Rxc7 31. Rxa6 Rxa6 32. Bxb5 Rc2 33. Qd3 Rxf2 34. Bxd7 1-0

[Event "Hannover Region-ch"]
[Site "Hannover"]
[Date "2013.03.02"]
[Round "4"]
[White "Meier Hoffmann, Daniel"]
[Black "Gans, Torsten"]
[Result "0-1"]
[WhiteElo "1949"]
[BlackElo "1921"]
[PlyCount "50"]
[EventDate "2013.01.26"]
[EventType "swiss"]
[EventRounds "7"]
[EventCountry "GER"]
[SourceTitle "EXT 2021"]
[Source "ChessBase"]
[SourceDate "2020.10.23"]
[SourceVersion "1"]
[SourceVersionDate "2020.10.23"]
[SourceQuality "1"]

1. d4 d5 2. Nf3 e6 3. e3 Nf6 4. Bd3 c5 5. b3 Nc6 6. Bb2 Qc7 7. a3 Bd6 8. c4 dxc4 9. bxc4 0-0 10. Nc3 a6 11. 0-0 Re8 12. Qc2 h6 13. h3 Bd7 14. Ne4 Nxe4 15. Bxe4 cxd4 16. exd4 Rac8 17. Rac1 Na5 18. Nd2 b5 19. cxb5 Qxc2 20. Rxc2 Rxc2 21. Bxc2 Bxb5 22. Rc1 Bf4 23. Rd1 Rc8 24. Bb1 Ba4 25. Rc1 Rb8 0-1

[Event "Langenhagen-ch op"]
[Site "Langenhagen"]
[Date "2012.09.15"]
[Round "5"]
[White "Gans, Torsten"]
[Black "Kiesel, Harald"]
[Result "0-1"]
[WhiteElo "1937"]
[BlackElo "2072"]
[PlyCount "80"]
[EventDate "2012.06.23"]
[EventType "swiss"]
[EventRounds "7"]
[EventCountry "GER"]
[SourceTitle "EXT 2021"]
[Source "ChessBase"]
[SourceDate "2020.10.23"]
[SourceVersion "1"]
[SourceVersionDate "2020.10.23"]
[SourceQuality "1"]

1. d4 e6 2. c4 Nf6 3. Nf3 b6 4. g3 Ba6 5. b3 Bb4+ 6. Bd2 Be7 7. Bg2 d5 8. 0-0 0-0 9. Bc3 c6 10. Nbd2 Nbd7 11. Re1 Rc8 12. Rc1 c5 13. e4 dxe4 14. Nxe4 Nxe4 15. Rxe4 Bb7 16. Re2 Bf6 17. Rd2 Bxf3 18. Bxf3 Bg5 19. Rcc2 Bxd2 20. Rxd2 Qf6 21. dxc5 Qxc3 22. Rxd7 bxc5 23. Rxa7 Rcd8 24. Qe2 Rd2 25. Qe1 Rfd8 26. Kg2 g6 27. Rc7 Qb2 28. Bg4 Qd4 29. Bxe6 fxe6 30. Qxe6+ Kh8 31. Kh3 Rxf2 32. Qe7 Rxh2+ 33. Kxh2 Qf2+ 34. Kh3 Qf1+ 35. Kh4 Qh1+ 36. Kg5 Qh5+ 37. Kf4 Qf5+ 38. Ke3 Rd3+ 39. Ke2 Qf3+ 40. Ke1 Rd1# 0-1

[Event "Langenhagen-ch op"]
[Site "Langenhagen"]
[Date "2012.09.01"]
[Round "4"]
[White "Gans, Torsten"]
[Black "Kiesel, Lucas"]
[Result "1-0"]
[WhiteElo "1937"]
[BlackElo "1290"]
[PlyCount "150"]
[EventDate "2012.06.23"]
[EventType "swiss"]
[EventRounds "7"]
[EventCountry "GER"]
[SourceTitle "EXT 2021"]
[Source "ChessBase"]
[SourceDate "2020.10.23"]
[SourceVersion "1"]
[SourceVersionDate "2020.10.23"]
[SourceQuality "1"]

1. d4 Nf6 2. c4 g6 3. f3 Bg7 4. e4 d6 5. Be3 0-0 6. Nc3 e5 7. Nge2 Nbd7 8. Qd2 exd4 9. Nxd4 c5 10. Ndb5 Ne8 11. Be2 Ne5 12. Bxc5 Bh6 13. Be3 Bxe3 14. Qxe3 a6 15. Na3 f5 16. 0-0 Be6 17. Rfd1 Qc7 18. Nd5 Bxd5 19. cxd5 Qc5 20. Qxc5 dxc5 21. exf5 Rxf5 22. Rac1 Nd7 23. Nc4 b5 24. Ne3 Re5 25. Kf2 Nd6 26. Bf1 h5 27. Bd3 Kf7 28. Re1 c4 29. Bb1 Nb6 30. Rcd1 Rae8 31. f4 R5e7 32. b3 c3 33. h3 a5 34. g4 h4 35. Kf3 a4 36. Re2 Kf6 37. g5+ Kf7 38. Rde1 Nf5 39. Nxf5 Rxe2 40. Nh6+ Kg7 41. Rxe2 Rxe2 42. Kxe2 Nxd5 43. bxa4 bxa4 44. Kf3 Nb4 45. Ng4 c2 46. Bxc2 Nxc2 47. Ne3 Nb4 48. a3 Nd3 49. Nc4 Nc5 50. Kg4 Ne6 51. Nb6 Nd4 52. Kxh4 Kf7 53. Kg4 Ke6 54. h4 Nc6 55. Nxa4 Nd4 56. Nc5+ Kd5 57. Nd3 Ke4 58. Ne5 Nc2 59. Nxg6 Nxa3 60. h5 Nc2 61. h6 Ne3+ 62. Kh5 Nf5 63. h7 Ng7+ 64. Kg4 Nf5 65. h8Q Ne3+ 66. Kg3 Nf5+ 67. Kf2 Nd4 68. Qe5+ Kd3 69. f5 Nxf5 70. Qxf5+ Kd4 71. Qe5+ Kc4 72. Nf4 Kb4 73. Qc7 Kb3 74. g6 Kb2 75. g7 Kb3 1-0

[Event "Hannover-ch MT"]
[Site "Stadthagen"]
[Date "2009.10.03"]
[Round "2"]
[White "Gans, Torsten"]
[Black "Zuerik, Walter"]
[Result "0-1"]
[WhiteElo "1894"]
[BlackElo "1765"]
[PlyCount "116"]
[EventDate "2009.10.03"]
[EventType "swiss"]
[EventRounds "7"]
[EventCountry "GER"]
[SourceTitle "EXT 2021"]
[Source "ChessBase"]
[SourceDate "2020.10.23"]
[SourceVersion "1"]
[SourceVersionDate "2020.10.23"]
[SourceQuality "1"]

1. d4 d5 2. c4 Nc6 3. Nc3 dxc4 4. Nf3 Nf6 5. e4 Bg4 6. Be3 e6 7. Bxc4 Bb4 8. Qc2 0-0 9. 0-0-0 Bxc3 10. bxc3 Qe7 11. h3 Bxf3 12. gxf3 Rfb8 13. e5 Qa3+ 14. Qb2 Qxb2+ 15. Kxb2 Nd5 16. a3 b5 17. Bd3 Na5 18. Kc2 Nc4 19. Bxc4 bxc4 20. Rb1 Rb6 21. Bd2 Kf8 22. Rhg1 g6 23. Bh6+ Ke8 24. Bd2 Rab8 25. Rxb6 Rxb6 26. Rb1 Rxb1 27. Kxb1 Kd7 28. Kb2 Kc6 29. Bg5 Kb5 30. Be3 a5 31. Bd2 a4 32. Bg5 Kc6 33. Bd2 Ne7 34. Bg5 Nf5 35. Kc2 Kd7 36. Bf6 Ke8 37. Kd2 Kf8 38. Bd8 c6 39. f4 Kg7 40. Ke2 Kh6 41. Kf3 Kh5 42. Kg2 h6 43. Kf3 g5 44. fxg5 hxg5 45. Bb6 Ne7 46. Kg3 Nd5 47. Ba5 Kg6 48. Kg4 Nf4 49. h4 Nd3 50. hxg5 Nxf2+ 51. Kf4 Nh3+ 52. Ke3 Kxg5 53. Bb4 Kf5 54. Ba5 Nf4 55. Bb4 Nd5+ 56. Kf3 Nxb4 57. cxb4 c3 58. Ke3 c2 0-1

[Event "Daehne Cup Region II"]
[Site "Hannover"]
[Date "2009.05.04"]
[Round "4"]
[White "Parvin, Shahram"]
[Black "Gans, Torsten"]
[Result "0-1"]
[WhiteElo "1492"]
[BlackElo "1943"]
[PlyCount "132"]
[EventDate "2009.04.20"]
[EventType "k.o."]
[EventCountry "GER"]
[SourceTitle "EXT 2022"]
[Source "ChessBase"]
[SourceDate "2021.10.06"]
[SourceVersion "1"]
[SourceVersionDate "2021.10.06"]
[SourceQuality "1"]

1. d4 d5 2. c4 e6 3. Nc3 Nf6 4. Bg5 Nbd7 5. cxd5 exd5 6. Nxd5 Nxd5 7. Bxd8 Bb4+ 8. Qd2 Bxd2+ 9. Kxd2 Kxd8 10. e4 N5f6 11. f3 c6 12. Bc4 Ke7 13. Ne2 Nb6 14. b3 Be6 15. Rac1 Bxc4 16. bxc4 c5 17. d5 Nfd7 18. f4 f6 19. h4 Kf7 20. Kd3 Rhe8 21. Rb1 Rab8 22. Nc3 a6 23. a4 Nc8 24. Rhe1 Nd6 25. Re2 b6 26. Reb2 g5 27. hxg5 fxg5 28. e5 Nxe5+ 29. fxe5 Rxe5 30. Rxb6 Rxb6 31. Rxb6 Re3+ 32. Kc2 Nxc4 33. Rxa6 Rg3 34. Ra7+ Kg6 35. Ne4 Rxg2+ 36. Kc3 Ne5 37. Nxc5 h5 38. Ne6 h4 39. Rg7+ Kf6 40. a5 h3 41. Rh7 g4 42. Nf4 Kf5 43. Nxh3 Rg3+ 44. Kd4 Rxh3 45. Rg7 Ra3 46. Re7 Nf3+ 47. Kc4 Rxa5 48. d6 Ra8 49. Kd5 Ra5+ 50. Kc6 Ne5+ 51. Kb6 Rd5 52. Kc7 g3 53. Rg7 Ng4 54. d7 g2 55. d8Q Rxd8 56. Kxd8 g1Q 57. Re7 Qb6+ 58. Kc8 Nf6 59. Re5+ Kf4 60. Rf5+ Ke4 61. Re5+ Kd4 62. Re7 Qc6+ 63. Kb8 Qd6+ 64. Ka8 Qxe7 65. Kb8 Kc5 66. Ka8 Kb6 0-1

[Event "Niedersachsen-ch op"]
[Site "Verden"]
[Date "2009.01.04"]
[Round "4"]
[White "Gans, Torsten"]
[Black "Rose, Shawn"]
[Result "1-0"]
[WhiteElo "1931"]
[BlackElo "1583"]
[PlyCount "65"]
[EventDate "2009.01.03"]
[EventType "swiss"]
[EventRounds "7"]
[EventCountry "GER"]
[SourceTitle "EXT 2012"]
[Source "ChessBase"]
[SourceDate "2011.11.24"]
[SourceVersion "1"]
[SourceVersionDate "2011.11.24"]
[SourceQuality "1"]

1. d4 d5 2. c4 c6 3. Nf3 Bf5 4. Nc3 Nf6 5. Qb3 b6 6. cxd5 cxd5 7. Bf4 e6 8. Nb5 Na6 9. Qa4 Bb4+ 10. Nc3+ Qd7 11. Qxa6 Ne4 12. Ne5 Bxc3+ 13. bxc3 Qc8 14. Qa4+ Kf8 15. Qb4+ Kg8 16. Rc1 f6 17. Nd3 g5 18. Bd2 Qa6 19. Qb3 Kf7 20. e3 Qb7 21. Be2 Rac8 22. f3 Nd6 23. Nb2 Rc7 24. Kf2 h5 25. c4 g4 26. cxd5 Rxc1 27. Rxc1 exd5 28. Bb4 Rc8 29. Rxc8 Nxc8 30. Nd3 Qd7 31. Nf4 a5 32. Ba3 a4 33. Qxd5+ 1-0

[Event "Niedersachsen-ch op"]
[Site "Verden"]
[Date "2009.01.03"]
[Round "1"]
[White "Kaiser, Jonas"]
[Black "Gans, Torsten"]
[Result "0-1"]
[WhiteElo "1907"]
[BlackElo "1931"]
[PlyCount "84"]
[EventDate "2009.01.03"]
[EventType "swiss"]
[EventRounds "7"]
[EventCountry "GER"]
[SourceTitle "EXT 2012"]
[Source "ChessBase"]
[SourceDate "2011.11.24"]
[SourceVersion "1"]
[SourceVersionDate "2011.11.24"]
[SourceQuality "1"]

1. d4 d5 2. c4 e6 3. Nc3 Nf6 4. Nf3 Be7 5. e3 0-0 6. Bd3 dxc4 7. Bxc4 c5 8. 0-0 Nc6 9. dxc5 Qxd1 10. Rxd1 Bxc5 11. a3 a6 12. b4 Ba7 13. Bb2 b5 14. Bb3 Bb7 15. Rd2 Rfd8 16. Rad1 Kf8 17. Ng5 Rxd2 18. Rxd2 Rd8 19. Rxd8+ Nxd8 20. Bc2 h6 21. Nge4 Nxe4 22. Nxe4 f6 23. Nd6 Bc6 24. e4 Bb8 25. Nc8 Ke8 26. Bd4 e5 27. Be3 Ne6 28. f3 Nd4 29. Bxd4 exd4 30. Bb3 Bc7 31. Na7 Bb7 32. Bd5 Bxd5 33. exd5 Kd7 34. Nc6 Kd6 35. Kf1 Kxd5 36. Ne7+ Kc4 37. Ke2 Bxh2 38. Nf5 g5 39. Nxh6 d3+ 40. Kd1 Be5 41. Nf7 Kb3 42. Kd2 Kxa3 0-1

[Event "Hannover-ch C/D"]
[Site "Lehrte"]
[Date "2008.10.11"]
[Round "2"]
[White "Schulze, Torben"]
[Black "Gans, Torsten"]
[Result "1-0"]
[WhiteElo "2129"]
[BlackElo "1915"]
[PlyCount "63"]
[EventDate "2008.10.11"]
[EventType "swiss"]
[EventRounds "7"]
[EventCountry "GER"]
[SourceTitle "EXT 2021"]
[Source "ChessBase"]
[SourceDate "2020.10.23"]
[SourceVersion "1"]
[SourceVersionDate "2020.10.23"]
[SourceQuality "1"]

1. e4 e5 2. Bc4 Nf6 3. d3 Nc6 4. Nc3 Na5 5. Nge2 Be7 6. 0-0 0-0 7. Ng3 d6 8. Bb3 c6 9. f4 Nxb3 10. axb3 a6 11. Kh1 b5 12. fxe5 dxe5 13. Nf5 Bxf5 14. Rxf5 Nd7 15. Qg4 f6 16. Rh5 Rf7 17. Qe6 Qb6 18. Qxd7 Qf2 19. Be3 Qxe3 20. Qxc6 Ra7 21. Nd5 Qe2 22. Rf5 Bf8 23. Rff1 Qd2 24. Kg1 Qe2 25. Rf2 Qg4 26. h3 Qh5 27. Kh2 Qg5 28. Rxa6 Rxa6 29. Qxa6 b4 30. Qc4 Qc1 31. Nxf6+ gxf6 32. Rxf6 1-0

[Event "Hannover Region-ch"]
[Site "Hannover"]
[Date "2008.02.27"]
[Round "5"]
[White "Gans, Torsten"]
[Black "Lick, Patrick"]
[Result "1-0"]
[WhiteElo "1835"]
[BlackElo "1920"]
[PlyCount "127"]
[EventDate "2008.01.12"]
[EventType "swiss"]
[EventRounds "7"]
[EventCountry "GER"]
[SourceTitle "EXT 2021"]
[Source "ChessBase"]
[SourceDate "2020.10.23"]
[SourceVersion "1"]
[SourceVersionDate "2020.10.23"]
[SourceQuality "1"]

1. d4 Nf6 2. c4 e6 3. Nf3 Bb4+ 4. Bd2 Bxd2+ 5. Qxd2 b6 6. g3 Bb7 7. Bg2 0-0 8. 0-0 d6 9. Nc3 Nbd7 10. Qc2 c5 11. Rad1 Qe7 12. e4 Rac8 13. d5 e5 14. Ne1 g6 15. Nd3 Rce8 16. Rde1 Ng4 17. f3 Nh6 18. Qd2 Kg7 19. g4 g5 20. Ne2 Qd8 21. Ng3 Ba6 22. Nh5+ Kg8 23. b3 b5 24. cxb5 Bxb5 25. Rc1 f6 26. Rfe1 Qb6 27. Nf2 Kf7 28. h4 Kg6 29. Nxf6 Rxf6 30. hxg5 Nxg4 31. gxf6 Nxf2 32. Qxf2 Nxf6 33. Bh3 Nh5 34. Bf5+ Kg5 35. Kh2 Qd8 36. Qg2+ Kh6 37. Qh3 Qg5 38. Bg4 Rg8 39. Qxh5+ Qxh5+ 40. Bxh5 Kxh5 41. Rg1 Rg5 42. Rg3 a5 43. Kg2 h6 44. Rh1+ Kg6 45. a3 h5 46. b4 cxb4 47. axb4 a4 48. Rc1 h4 49. Rxg5+ Kxg5 50. Kf2 h3 51. Kg3 Bd7 52. Rc7 Bb5 53. Rb7 Be2 54. b5 h2 55. Kxh2 Bxf3 56. b6 Bxe4 57. Ra7 Bxd5 58. Rxa4 Kf5 59. Ra7 Kf4 60. Rd7 e4 61. Rxd6 e3 62. Kg1 Ke5 63. Rxd5+ Kxd5 64. b7 1-0

[Event "Hannover-ch C/D"]
[Site "Bueckeburg"]
[Date "2007.11.02"]
[Round "3"]
[White "Gans, Torsten"]
[Black "Muesing, Sebastian"]
[Result "1-0"]
[WhiteElo "1797"]
[BlackElo "2069"]
[PlyCount "105"]
[EventDate "2007.11.01"]
[EventType "swiss"]
[EventRounds "7"]
[EventCountry "GER"]
[SourceTitle "EXT 2021"]
[Source "ChessBase"]
[SourceDate "2020.10.23"]
[SourceVersion "1"]
[SourceVersionDate "2020.10.23"]
[SourceQuality "1"]

1. d4 Nf6 2. c4 e6 3. Nc3 Bb4 4. Qc2 c5 5. dxc5 Na6 6. a3 Qa5 7. Bd2 Nxc5 8. Nf3 Bxc3 9. Bxc3 Qa4 10. Qxa4 Nxa4 11. Bxf6 gxf6 12. 0-0-0 b6 13. Kc2 Bb7 14. b4 a5 15. e3 Ke7 16. Be2 Rhc8 17. Kb3 axb4 18. axb4 b5 19. c5 Bd5+ 20. Rxd5 exd5 21. Nd4 Nxc5+ 22. bxc5 Rxc5 23. Rd1 d6 24. Rd2 Ra1 25. h4 b4 26. Ra2 Rxa2 27. Kxa2 Rc3 28. Kb2 Kd7 29. Bf3 Rd3 30. Be2 Ra3 31. Nc2 Ra5 32. Nxb4 f5 33. Bf3 Ke6 34. Nc6 Rb5+ 35. Ka2 Rb6 36. Nd4+ Ke5 37. Nb3 Rb4 38. g3 Rb8 39. Kb2 Rc8 40. Bh5 h6 41. Bxf7 Ke4 42. Nd4 Kd3 43. Bxd5 f4 44. gxf4 Rc5 45. Bf7 Rc7 46. Bg6+ Kd2 47. f5 Rb7+ 48. Ka3 Ke1 49. f6 Kxf2 50. f7 Rxf7 51. Bxf7 Kxe3 52. Nf5+ Kf4 53. Nxh6 1-0